Geography Quiz

Random Geography or State Quiz

US Map Color Puzzle Quiz Stats

 Plays Quiz Updated Dec 28, 2019

Support Sporcle.
Go Orange.
Score 0/50 Timer 20:00
2 Plays Today
% Correct
???
99.8%
???
54%
???
43%
???
42.9%
???
35.8%
???
34%
???
28.4%
???
27.4%
???
25.9%
???
25.6%
???
17.8%
???
16.2%
???
15.9%
???
15.8%
???
15.4%
???
15.4%
???
15.3%
???
14.1%
???
14.1%
???
14%
???
14%
???
13.9%
???
13.5%
???
12.9%
???
12.4%
% Correct
???
12%
???
11.6%
???
11%
???
10.9%
???
10.6%
???
10.5%
???
10.4%
???
10.3%
???
10.3%
???
10.3%
???
10.2%
???
8%
???
7.4%
???
7.4%
???
6.7%
???
6.4%
???
6.3%
???
6.1%
???
6%
???
5.6%
???
5.6%
???
5.3%
???
5.1%
???
4.4%
???
4.4%

You're not logged in!

Compare scores with friends on all Sporcle quizzes.
OR
Log In

From the Vault

Don't Touch the MCU!

by mikenew

Be careful when handling the Infinity Gauntlet, or you might accidentally kill half of all life in the universe.
Remove Ads.
Support Sporcle.
Get the best of Sporcle when you Go Orange. This ad-free experience offers more features, more stats, and more fun while also helping to support Sporcle. Thank you for becoming a member.

Show Comments

Extras

Top Quizzes Today


Score Distribution

Your Account Isn't Verified!

In order to create a playlist on Sporcle, you need to verify the email address you used during registration. Go to your Sporcle Settings to finish the process.

Report this User

Report this user for behavior that violates our Community Guidelines.

Details: